Tour de France 2025 - Top 30 of the general ranking - Statistics

General Stats
  • This quiz has been taken 102 times
  • The average score is 19 of 30
Answer Stats
Rider Team Times % Correct
2 Jonas Vingegaard Team Visma | Lease a bike +4:24m
100%
1 Tadej Pogacar UAE Team Emirates XRG 76:00:32h
100%
8 Primoz Roglic Red Bull - Bora-Hansgrohe +25:30m
95%
4 Oscar Onley Team Picnic PostNL +12:12m
93%
24 Adam Yates UAE Team Emirates XRG +1:48:41h
89%
5 Felix Gall Decathlon AG2R La Mondiale Team +17:12m
89%
3 Florian Lipowitz Red Bull - Bora-Hansgrohe +11:00m
89%
15 Simon Yates Team Visma | Lease a bike +1:17:30h
89%
9 Ben Healy EF Education-EasyPost +28:02m
86%
11 Ben O'Connor Team Jayco AlUla +34:34m
81%
7 Kevin Vauquelin Arkéa-B&B Hotels +22:35m
80%
6 Tobias Johannessen Uno-X Mobility +20:14m
78%
17 Sepp Kuss Team Visma | Lease a bike +1:20:24h
75%
12 Thymen Arensman INEOS Grenadiers +52:41m
74%
10 Jordan Jegat TotalEnergies +32:42m
70%
19 Matteo Jorgenson Team Visma | Lease a bike +1:29:28h
69%
13 Jhonatan Narváez UAE Team Emirates XRG +1:04:36h
64%
16 Guillaume Martin Groupama-FDJ +1:18:07h
60%
29 Marc Soler UAE Team Emirates XRG +2:21:01h
56%
28 Victor Campenaerts Team Visma | Lease a bike +2:20:36h
54%
27 Aleksandr Vlasov Red Bull - Bora-Hansgrohe +2:16:15h
48%
20 Cristian Rodriguez Arkéa-B&B Hotels +1:36:15h
46%
25 Aurélien Paret-Peintre Decathlon AG2R La Mondiale Team +2:12:52h
44%
30 Emanuel Buchmann Cofidis +2:21:34h
33%
23 Warren Barguil Team Picnic PostNL +1:48:09h
32%
21 Valentin Madouas Groupama-FDJ +1:39:46h
31%
14 Sergio Higuita XDS Astana Team +1:08:19h
28%
22 Xandro Meurisse Alpecin-Deceuninck +1:43:46h
25%
18 Gregor Mühlberger Movistar Team +1:28:17h
23%
26 Raúl García Pierna Arkéa-B&B Hotels +2:15:58h
20%
No matching quizzes found
Score Distribution
Percent of People with Each Score
Percentile by Number Answered
Your Score History
You have not taken this quiz